[Event "Titled Tuesday intern op 07th Nov Late"]
[Site "Chess.com INT"]
[Date "2023.11.07"]
[Round "7"]
[White "Sepulveda Rojas, Jorge Moises"]
[Black "Bordi, Kevin Claude"]
[Result "1-0"]
[WhiteElo "2183"]
[BlackElo "2288"]
[PlyCount "135"]
[EventDate "2023.11.07"]
[EventType "swiss (blitz)"]
[EventRounds "11"]
[EventCountry "USA"]
[SourceTitle "EXT 2025"]
[Source "ChessBase"]
[SourceDate "2024.10.14"]
[SourceVersion "1"]
[SourceVersionDate "2024.10.14"]
[SourceQuality "1"]

1. e4 d5 2. exd5 Qxd5 3. Nf3 Bg4 4. Be2 Nc6 5. 0-0 0-0-0 6. h3 Bxf3 7. Bxf3 Qd7 8. d3 e5 9. Nc3 f5 10. Re1 Bd6 11. Ne4 Kb8 12. Nxd6 cxd6 13. c3 Nf6 14. b4 Rhg8 15. Bg5 h6 16. Bxf6 gxf6 17. Bd5 Rg5 18. Qa4 Ne7 19. Qxd7 Rxd7 20. f4 Rg3 21. Bf3 Ng6 22. Kf2 exf4 23. Re8+ Kc7 24. d4 Nh4 25. Bd5 Rdg7 26. Rae1 Rxc3 27. R1e7+ Rxe7 28. Rxe7+ Kd8 29. Rxb7 Rc2+ 30. Kf1 Rd2 31. Bc6 Rxd4 32. b5 f3 33. gxf3 f4 34. Rxa7 Nf5 35. b6 Rb4 36. Rb7 Nd4 37. Rb8+ Ke7 38. Bd5 Rb5 39. b7 Rxd5 40. Rc8 Rb5 41. b8Q Rxb8 42. Rxb8 Nxf3 43. a4 Kd7 44. a5 Kc7 45. Rb4 Ne5 46. a6 Nc6 47. Rc4 Kb6 48. Rxf4 Kxa6 49. Rxf6 Kb5 50. Rxd6 Kc5 51. Rxh6 Ne5 52. Rh5 Kd4 53. Rf5 Ke4 54. Rf6 Nd7 55. Rf2 Ne5 56. h4 Ng4 57. h5 Nxf2 58. h6 Nd3 59. h7 Ne5 60. h8Q Kd5 61. Qh5 Ke6 62. Ke2 Kf6 63. Ke3 Nf7 64. Kf4 Kg7 65. Kf5 Nh6+ 66. Ke6 Nf7 67. Qxf7+ Kh8 68. Qe7 1-0

[Event "CHI-ch"]
[Site "Santiago de Chile"]
[Date "2023.02.18"]
[Round "9"]
[White "Sepulveda Rojas, Jorge Moises"]
[Black "Salinas Herrera, Pablo Patricio"]
[Result "0-1"]
[WhiteElo "2221"]
[BlackElo "2498"]
[PlyCount "88"]
[EventDate "2023.02.11"]
[EventType "tourn"]
[EventRounds "11"]
[EventCountry "CHI"]
[SourceTitle "CBM 212 Extra"]
[Source "ChessBase"]
[SourceDate "2023.03.31"]
[SourceVersion "1"]
[SourceVersionDate "2023.03.31"]
[SourceQuality "1"]

1. Nf3 d5 2. c4 c6 3. e3 Nf6 4. d4 e6 5. Nc3 Nbd7 6. Qc2 Bd6 7. g4 Bb4 8. cxd5 exd5 9. Bd2 Nxg4 10. Rg1 Nf8 11. a3 Be7 12. e4 dxe4 13. Nxe4 g6 14. 0-0-0 Nf6 15. Re1 Nxe4 16. Qxe4 Be6 17. Ng5 Qd5 18. Nxe6 Nxe6 19. Qxd5 cxd5 20. Bb5+ Kf8 21. Bd7 Bf6 22. Bxe6 fxe6 23. Rxe6 Kf7 24. Rge1 Rhd8 25. Kc2 Rd7 26. Kd3 Rc8 27. b3 Bh4 28. R6e3 Be7 29. a4 Rc6 30. Rh3 h5 31. Rf3+ Kg7 32. Rfe3 Bh4 33. R1e2 Rf7 34. Re5 Rd6 35. Be3 Rf3 36. Rc2 Rd7 37. Ke2 Rh3 38. Kf1 Bf6 39. Re8 Rxh2 40. Kg1 Rh4 41. f4 g5 42. Rec8 gxf4 43. R2c7 Rxc7 44. Rxc7+ Kh6 0-1

[Event "CHI-ch"]
[Site "Santiago de Chile"]
[Date "2023.02.15"]
[Round "6"]
[White "Jaque Gutierrez, Matias"]
[Black "Sepulveda Rojas, Jorge Moises"]
[Result "1-0"]
[WhiteElo "2224"]
[BlackElo "2221"]
[PlyCount "127"]
[EventDate "2023.02.11"]
[EventType "tourn"]
[EventRounds "11"]
[EventCountry "CHI"]
[SourceTitle "CBM 212 Extra"]
[Source "ChessBase"]
[SourceDate "2023.03.31"]
[SourceVersion "1"]
[SourceVersionDate "2023.03.31"]
[SourceQuality "1"]

1. Nf3 g6 2. c4 Bg7 3. d4 f5 4. g3 Nf6 5. Bg2 d6 6. Nc3 c6 7. 0-0 0-0 8. Qb3 Kh8 9. Bf4 Qe8 10. Rad1 Nbd7 11. d5 a5 12. Nd4 Nc5 13. Qc2 Nh5 14. Bc1 Bd7 15. e3 a4 16. b4 axb3 17. axb3 cxd5 18. Nxd5 Qd8 19. Bb2 e6 20. Nc3 Qb6 21. Ndb5 d5 22. b4 Na6 23. Na4 Qc6 24. Bxg7+ Nxg7 25. Qb3 Nc7 26. Nac3 Nxb5 27. Nxb5 Rfc8 28. Ra1 Qb6 29. Rxa8 Rxa8 30. Nc3 dxc4 31. Qxc4 e5 32. Rd1 Be6 33. Qc5 Qxc5 34. bxc5 e4 35. f3 Ra3 36. Rc1 Ra5 37. Ne2 Bd5 38. fxe4 fxe4 39. Nf4 Bc6 40. Rd1 Nf5 41. Ne6 Kg8 42. Rf1 h5 43. Rf4 Ra1+ 44. Kf2 Ra2+ 45. Kg1 Bd5 46. Ng5 Nxe3 47. Bxe4 Ra1+ 48. Kf2 Ng4+ 49. Rxg4 hxg4 50. Bxd5+ Kf8 51. Bxb7 Ke7 52. Ke3 Ra2 53. Kf4 Rxh2 54. Kxg4 Rf2 55. Bf3 Rc2 56. Ne4 Kf8 57. Kf4 Ke7 58. Ke5 Rc1 59. Kd5 Rf1 60. Bg4 Rc1 61. c6 Kd8 62. Kd6 Rc2 63. Nf6 Rc4 64. Nd5 1-0

[Event "CHI-ch"]
[Site "Santiago de Chile"]
[Date "2023.02.12"]
[Round "2"]
[White "Sepulveda Rojas, Jorge Moises"]
[Black "Barriga Silva, Felipe"]
[Result "1-0"]
[WhiteElo "2221"]
[BlackElo "2183"]
[PlyCount "71"]
[EventDate "2023.02.11"]
[EventType "tourn"]
[EventRounds "11"]
[EventCountry "CHI"]
[SourceTitle "CBM 212 Extra"]
[Source "ChessBase"]
[SourceDate "2023.03.31"]
[SourceVersion "1"]
[SourceVersionDate "2023.03.31"]
[SourceQuality "1"]

1. Nf3 Nf6 2. c4 e6 3. b3 d5 4. Bb2 Be7 5. e3 0-0 6. Be2 c5 7. 0-0 Nc6 8. Na3 d4 9. exd4 cxd4 10. d3 e5 11. Nc2 Nd7 12. Re1 a5 13. Bf1 Bf6 14. Rb1 Re8 15. a3 Nc5 16. b4 Na4 17. Nd2 Bf5 18. Qf3 Qd7 19. Ba1 Bg5 20. Ne4 Bg4 21. Qg3 Bf4 22. Qh4 Ne7 23. h3 Bf5 24. g3 Ra6 25. gxf4 Rh6 26. Qxh6 Bxe4 27. Qg5 f6 28. Qg3 Nf5 29. Qg4 h5 30. Qxh5 g6 31. Qxg6+ Kh8 32. Qxf6+ Kh7 33. dxe4 Rg8+ 34. Kh2 Nh6 35. Qxe5 d3 36. Ne3 1-0

[Event "CHI-ch"]
[Site "Santiago de Chile"]
[Date "2023.02.11"]
[Round "1"]
[White "Rosales Schulz, Robin"]
[Black "Sepulveda Rojas, Jorge Moises"]
[Result "1-0"]
[WhiteElo "2126"]
[BlackElo "2221"]
[PlyCount "134"]
[EventDate "2023.02.11"]
[EventType "tourn"]
[EventRounds "11"]
[EventCountry "CHI"]
[SourceTitle "CBM 212 Extra"]
[Source "ChessBase"]
[SourceDate "2023.03.31"]
[SourceVersion "1"]
[SourceVersionDate "2023.03.31"]
[SourceQuality "1"]

1. d4 f5 2. Nc3 Nf6 3. Bg5 d5 4. e3 e6 5. Bd3 c5 6. Nf3 a6 7. Ne5 Be7 8. 0-0 0-0 9. a3 Nbd7 10. f4 Bd6 11. Kh1 Qc7 12. h3 b5 13. g4 Ne4 14. Bxe4 fxe4 15. Bh4 Bb7 16. Ne2 Bxe5 17. dxe5 Nb6 18. b3 d4 19. exd4 e3+ 20. Kh2 Qc6 21. Rg1 Qf3 22. Qf1 Qe4 23. Be7 Rf7 24. Bxc5 Nd5 25. Ng3 Qxc2+ 26. Rg2 Qxb3 27. f5 Nf4 28. Rga2 g5 29. f6 Bd5 30. Qc1 e2 31. Qg1 Qc3 32. Rxe2 Nxe2 33. Nxe2 Qd2 34. Qe1 Qe3 35. Nc3 Qf4+ 36. Kg1 Qf3 37. Nxd5 Qxd5 38. Qd2 h6 39. Qd3 Qb7 40. Qg6+ Kh8 41. Rf1 Rg8 42. Qd3 Qd5 43. Kh2 Qc4 44. Qf3 Rc8 45. Rf2 a5 46. Rb2 b4 47. axb4 axb4 48. Rxb4 Qc2+ 49. Qg2 Qc3 50. Qb2 Qf3 51. Qg2 Qf4+ 52. Qg3 Qd2+ 53. Qg2 Qf4+ 54. Qg3 Qe4 55. Qg2 Qd3 56. Rb2 Rd7 57. Qf2 Kg8 58. Rd2 Qe4 59. Re2 Qd3 60. Qe3 Qg6 61. Qf3 Kf7 62. Qe4 Qxe4 63. Rxe4 Rb7 64. Re2 Ra8 65. Kg2 Rb3 66. Rf2 Rc3 67. Rb2 Rd3 1-0

[Event "Villa Alemana op"]
[Site "Villa Alemana"]
[Date "2020.02.22"]
[Round "2.1"]
[White "Orrego Ahumada, Herman"]
[Black "Sepulveda Rojas, Jorge Moises"]
[Result "0-1"]
[WhiteElo "1567"]
[BlackElo "2206"]
[PlyCount "100"]
[EventDate "2020.02.22"]
[EventType "swiss"]
[EventRounds "5"]
[EventCountry "CHI"]
[SourceTitle "EXT 2024"]
[Source "ChessBase"]
[SourceDate "2023.10.10"]
[SourceVersion "1"]
[SourceVersionDate "2023.10.10"]
[SourceQuality "1"]

1. d4 Nf6 2. Nf3 e6 3. Bf4 d5 4. e3 c5 5. c3 Nc6 6. h3 Bd6 7. Bd3 Bxf4 8. exf4 cxd4 9. cxd4 Qb6 10. b3 Bd7 11. Be2 Rc8 12. a3 Ne4 13. 0-0 0-0 14. Qd3 Rc7 15. Nbd2 Nxd4 16. Nxd4 Rc3 17. Nc4 Qc5 18. Qd1 dxc4 19. bxc4 Rd8 20. Nf3 Qc7 21. Qd4 Bc6 22. Qe5 Qxe5 23. Nxe5 Ba4 24. Bf3 Nd2 25. Rfc1 Rxc1+ 26. Rxc1 f6 27. Ng4 Nxf3+ 28. gxf3 Rd3 29. Ne3 Rxa3 30. f5 exf5 31. Kg2 Bc6 32. Nd5 Kf7 33. Re1 Bxd5 34. cxd5 Rd3 35. Ra1 Rxd5 36. Rxa7 Rd7 37. Kf1 Re7 38. h4 g6 39. f4 Ke8 40. Ra8+ Kd7 41. Rf8 b5 42. Rxf6 Kc7 43. Ra6 Kb7 44. Rd6 b4 45. f3 Ka7 46. Kf2 b3 47. Rd2 Ka6 48. Rb2 Rb7 49. Ke3 Ka5 50. Kd2 Kb4 0-1

[Event "CHI-ch sf"]
[Site "Quilpue"]
[Date "2020.02.01"]
[Round "5"]
[White "Sepulveda Rojas, Jorge Moises"]
[Black "Gutierrez Montes, Sebastian"]
[Result "1-0"]
[WhiteElo "2216"]
[BlackElo "2148"]
[PlyCount "83"]
[EventDate "2020.01.30"]
[EventType "swiss"]
[EventRounds "8"]
[EventCountry "CHI"]
[SourceTitle "CBM 194 Extra"]
[Source "ChessBase"]
[SourceDate "2020.03.31"]
[SourceVersion "1"]
[SourceVersionDate "2020.03.31"]
[SourceQuality "1"]

1. d4 Nf6 2. Nf3 g6 3. Bf4 Bg7 4. e3 0-0 5. Be2 b6 6. 0-0 Bb7 7. h3 d6 8. c4 Nbd7 9. Nc3 Re8 10. Bh2 e5 11. Rc1 Ne4 12. Nxe4 Bxe4 13. b4 a5 14. a3 axb4 15. axb4 Qe7 16. Nd2 Bb7 17. d5 f5 18. Qb3 Reb8 19. Ra1 e4 20. Rxa8 Rxa8 21. Rc1 Rb8 22. Qa2 Ra8 23. Qb3 Rb8 24. Qd1 Be5 25. Nb3 Bxh2+ 26. Kxh2 Bc8 27. Nd4 Ne5 28. Ra1 Bd7 29. Ra7 Rc8 30. Qa1 g5 31. Ra8 Qe8 32. Rxc8 Qxc8 33. c5 bxc5 34. bxc5 dxc5 35. Nxf5 Nf3+ 36. gxf3 Bxf5 37. Qf6 exf3 38. Bc4 h6 39. d6+ Kh7 40. Qf7+ Kh8 41. d7 Bxd7 42. Bd3 1-0

[Event "CHI-ch sf"]
[Site "Quilpue"]
[Date "2020.01.31"]
[Round "3"]
[White "Sepulveda Rojas, Jorge Moises"]
[Black "Caceres Vasquez, Sergio"]
[Result "1-0"]
[WhiteElo "2216"]
[BlackElo "2089"]
[PlyCount "45"]
[EventDate "2020.01.30"]
[EventType "swiss"]
[EventRounds "8"]
[EventCountry "CHI"]
[SourceTitle "CBM 194 Extra"]
[Source "ChessBase"]
[SourceDate "2020.03.31"]
[SourceVersion "1"]
[SourceVersionDate "2020.03.31"]
[SourceQuality "1"]

1. b3 d5 2. Bb2 e6 3. e3 Nf6 4. f4 Be7 5. Nf3 0-0 6. Nc3 b6 7. Ne2 c5 8. Ng3 Ne4 9. Nh5 g6 10. d3 Nd6 11. Ng3 Bf6 12. Ne5 Bb7 13. Qg4 Bg7 14. h4 Nf5 15. Nxf5 exf5 16. Qg3 Nd7 17. h5 Nxe5 18. fxe5 Qc7 19. 0-0-0 Rac8 20. Qh3 Rfe8 21. hxg6 hxg6 22. e4 Bxe5 23. Qh8+ 1-0

[Event "CHI-ch sf"]
[Site "Quilpue"]
[Date "2019.01.19"]
[Round "5"]
[White "Sepulveda Rojas, Jorge Moises"]
[Black "Lobos Barrenechea, Miguel"]
[Result "0-1"]
[WhiteElo "2216"]
[BlackElo "2327"]
[PlyCount "96"]
[EventDate "2019.01.17"]
[EventType "swiss"]
[EventRounds "8"]
[EventCountry "CHI"]
[SourceTitle "CBM 188 Extra"]
[Source "ChessBase"]
[SourceDate "2019.02.28"]
[SourceVersion "1"]
[SourceVersionDate "2019.02.28"]
[SourceQuality "1"]

1. d4 f5 2. e4 fxe4 3. Nc3 Nf6 4. Bg5 g6 5. Bc4 d5 6. Bxf6 exf6 7. Bxd5 Nc6 8. Nxe4 Be7 9. Nc3 Bf5 10. Nge2 Qd6 11. Ng3 Bd7 12. a3 0-0-0 13. Nge4 Qf4 14. Ne2 Qh4 15. g3 Qh5 16. Nf4 Qf5 17. Nc3 Bd6 18. Nfe2 Rhe8 19. Qd2 Rxe2+ 20. Kxe2 Qg4+ 21. Kf1 Qh5 22. Bg2 Bh3 23. Qe3 Bf8 24. Rd1 Bh6 25. Qe4 Bf5 26. Qe2 Qxe2+ 27. Nxe2 Bxc2 28. Re1 Bd2 29. Bxc6 bxc6 30. Ra1 Re8 31. Nc3 Kd7 32. Kg2 Rb8 33. Nd1 Rb3 34. f3 Bd3 35. Kf2 Kd6 36. h4 Kd5 37. h5 g5 38. a4 Kxd4 39. Ra3 Rxa3 40. bxa3 c5 41. f4 c4 42. fxg5 fxg5 43. g4 c3 44. Nxc3 Bxc3 45. Rh3 Bd2 46. Rf3 Bf4 47. Rh3 c5 48. Rh1 Be3+ 0-1

[Event "Vina del Mar op 11th"]
[Site "Vina del Mar"]
[Date "2019.??.??"]
[Round "3"]
[White "Ojeda Meneses, Pablo"]
[Black "Sepulveda Rojas, Jorge Moises"]
[Result "1/2-1/2"]
[WhiteElo "1917"]
[BlackElo "2214"]
[PlyCount "114"]
[EventDate "2019.05.19"]
[EventType "swiss"]
[EventRounds "6"]
[EventCountry "CHI"]
[SourceTitle "CBM 190 Extra"]
[Source "ChessBase"]
[SourceDate "2019.07.15"]
[SourceVersion "1"]
[SourceVersionDate "2019.07.15"]
[SourceQuality "1"]

1. e4 c5 2. c3 d5 3. exd5 Qxd5 4. d4 Nc6 5. Nf3 Bf5 6. Na3 cxd4 7. Nb5 Qe4+ 8. Qe2 Qxe2+ 9. Bxe2 d3 10. Nc7+ Kd7 11. Nxa8 dxe2 12. Bf4 f6 13. Kxe2 e5 14. Be3 Kc8 15. b4 Kb8 16. b5 Na5 17. Rhd1 Be7 18. b6 Kxa8 19. bxa7 Nh6 20. Nd2 Bc2 21. Rdc1 Bg6 22. Rd1 Rc8 23. Nb3 Nc4 24. Rd7 Nxe3 25. Rxe7 Nxg2 26. Na5 Rxc3 27. Rd1 Bh5+ 28. Kd2 Ra3 29. Rb1 Rxa2+ 30. Kc1 Rxa5 31. Rbxb7 Rc5+ 32. Kb2 Rc8 33. Rxg7 Nf4 34. Rxh7 Nd3+ 35. Ka3 Rc3+ 36. Rb3 Rxb3+ 37. Kxb3 Bd1+ 38. Kc3 Nxf2 39. Rxh6 Kxa7 40. Kd2 Ba4 41. Ke2 Ne4 42. Ke3 Bc6 43. Rg6 Kb6 44. h4 f5 45. h5 f4+ 46. Kd3 Kc5 47. Rxc6+ Kd5 48. Rc8 Nf6 49. h6 e4+ 50. Kd2 f3 51. Rh8 Kd4 52. Rd8+ Ke5 53. Re8+ Kf5 54. Re7 Kg6 55. h7 Nxh7 56. Rxe4 Kf5 57. Ra4 Ng5 1/2-1/2

[Event "Vina del Mar op 11th"]
[Site "Vina del Mar"]
[Date "2019.??.??"]
[Round "2"]
[White "Sepulveda Rojas, Jorge Moises"]
[Black "Miranda Camus, Joaquin Ignacio"]
[Result "1-0"]
[WhiteElo "2214"]
[BlackElo "1750"]
[PlyCount "69"]
[EventDate "2019.05.19"]
[EventType "swiss"]
[EventRounds "6"]
[EventCountry "CHI"]
[SourceTitle "CBM 190 Extra"]
[Source "ChessBase"]
[SourceDate "2019.07.15"]
[SourceVersion "1"]
[SourceVersionDate "2019.07.15"]
[SourceQuality "1"]

1. e4 c6 2. Nc3 d5 3. Nf3 Bg4 4. d4 dxe4 5. Nxe4 e6 6. Bd3 Nf6 7. c3 Nbd7 8. Ng3 Bd6 9. h3 Bxf3 10. Qxf3 Qc7 11. 0-0 0-0 12. Ne4 Nxe4 13. Qxe4 Nf6 14. Qh4 Be7 15. Bg5 h6 16. f4 Nd5 17. c4 Nf6 18. Bxh6 gxh6 19. Qxh6 Qd6 20. Rf3 Qxd4+ 21. Kh1 Ne4 22. Bxe4 Qxe4 23. Rg3+ Qg6 24. Rxg6+ fxg6 25. Qxg6+ Kh8 26. Qh6+ Kg8 27. Qxe6+ Rf7 28. Re1 Bf6 29. g4 Bxb2 30. g5 Kg7 31. f5 Rh8 32. f6+ Kg6 33. Qe4+ Kxg5 34. Rg1+ Kxf6 35. Rg6# 1-0

[Event "Arica op 5th"]
[Site "Arica"]
[Date "2018.12.17"]
[Round "6"]
[White "Martinez Alcantara, Jose Eduardo"]
[Black "Sepulveda Rojas, Jorge Moises"]
[Result "1-0"]
[WhiteElo "2531"]
[BlackElo "2207"]
[PlyCount "109"]
[EventDate "2018.12.13"]
[EventType "swiss"]
[EventRounds "10"]
[EventCountry "CHI"]
[SourceTitle "CBM 188 Extra"]
[Source "ChessBase"]
[SourceDate "2019.02.28"]
[SourceVersion "1"]
[SourceVersionDate "2019.02.28"]
[SourceQuality "1"]

1. Nf3 c5 2. c4 Nc6 3. d4 cxd4 4. Nxd4 g6 5. e4 Bg7 6. Be3 Nf6 7. Nc3 d6 8. Be2 0-0 9. 0-0 Nxd4 10. Bxd4 Be6 11. Qd2 a5 12. f4 a4 13. Qe3 Bd7 14. Rad1 Re8 15. h3 Bc6 16. e5 Nd7 17. e6 Bxd4 18. exf7+ Kxf7 19. Rxd4 Kg7 20. Bg4 Nf6 21. f5 Ra5 22. Rd2 Re5 23. Qd4 h5 24. Bd1 gxf5 25. Bxa4 Bxa4 26. Nxa4 Qa5 27. b3 Re4 28. Qd3 Qe5 29. Qc3 Kf7 30. Qxe5 Rxe5 31. Nc3 Ke6 32. Ne2 Ne4 33. Rd3 h4 34. Nd4+ Kf6 35. Nf3 Ng3 36. Nxe5 dxe5 37. Re1 e4 38. Rd7 f4 39. a4 b6 40. Red1 Rb8 41. Rd8 Rb7 42. R8d7 Rxd7 43. Rxd7 e3 44. Rd1 e5 45. c5 bxc5 46. a5 e4 47. Re1 Ke5 48. a6 Kd4 49. a7 f3 50. gxf3 exf3 51. Rd1+ Ke5 52. a8Q f2+ 53. Kg2 e2 54. Rd5+ Kf4 55. Qf8+ 1-0

[Event "CHI-ch sf"]
[Site "Quilpue"]
[Date "2018.01.20"]
[Round "5"]
[White "Briones Carril, Francisco"]
[Black "Sepulveda Rojas, Jorge Moises"]
[Result "1-0"]
[WhiteElo "2086"]
[BlackElo "2224"]
[PlyCount "92"]
[EventDate "2018.01.18"]
[EventType "swiss"]
[EventRounds "8"]
[EventCountry "CHI"]
[SourceTitle "CBM 182 Extra"]
[Source "ChessBase"]
[SourceDate "2018.02.23"]
[SourceVersion "1"]
[SourceVersionDate "2018.02.23"]
[SourceQuality "1"]

1. Nf3 g6 2. c3 Bg7 3. d4 Nf6 4. Bf4 d6 5. e3 0-0 6. Be2 b6 7. 0-0 Bb7 8. Nbd2 Nbd7 9. h3 c5 10. a4 a6 11. Qb3 Qc7 12. Rfd1 Bc6 13. Qc2 Qb7 14. c4 cxd4 15. exd4 d5 16. Rac1 Rac8 17. b3 Rfd8 18. Bf1 Qa8 19. Re1 e6 20. Bg5 dxc4 21. bxc4 Re8 22. Qb3 Ne4 23. Nxe4 Bxe4 24. Rcd1 Qb7 25. Nd2 Bc6 26. Be3 Qc7 27. Rc1 Bb7 28. Rb1 Rb8 29. Rec1 h6 30. Qc2 Rbd8 31. a5 bxa5 32. c5 Bc6 33. Nc4 e5 34. dxe5 Nxe5 35. Nd6 Re7 36. Qa2 a4 37. Rb6 a5 38. Bb5 Ba8 39. Qxa4 Nd7 40. Bxd7 Rdxd7 41. Rcb1 Kh7 42. h4 Bd5 43. h5 Be5 44. hxg6+ fxg6 45. Qh4 Bg7 46. Qg4 Rxd6 1-0

[Event "CHI-ch sf"]
[Site "Santiago de Chile"]
[Date "2016.01.24"]
[Round "3"]
[White "Sepulveda Rojas, Jorge Moises"]
[Black "Torres Bravo, Cristobal Renato"]
[Result "1/2-1/2"]
[WhiteElo "2193"]
[BlackElo "2309"]
[PlyCount "42"]
[EventDate "2016.01.23"]
[EventType "swiss"]
[EventRounds "9"]
[EventCountry "CHI"]
[SourceTitle "EXT 2017"]
[Source "ChessBase"]
[SourceDate "2016.10.25"]
[SourceVersion "1"]
[SourceVersionDate "2016.10.25"]
[SourceQuality "1"]

1. e4 c5 2. Nf3 d6 3. d4 Nf6 4. Nc3 cxd4 5. Nxd4 e5 6. Bb5+ Bd7 7. Bxd7+ Qxd7 8. Nde2 Qc6 9. Ng3 h6 10. Qd3 Nbd7 11. Be3 a6 12. 0-0-0 g6 13. f3 Rc8 14. Rd2 Be7 15. h4 h5 16. Kb1 Qc4 17. Qxc4 Rxc4 18. Bg5 Rc6 19. Rhd1 Kd8 20. Nf1 Ne8 21. Bxe7+ Kxe7 1/2-1/2

[Event "CHI-ch"]
[Site "Santiago de Chile"]
[Date "2015.02.26"]
[Round "7"]
[White "Sepulveda Rojas, Jorge Moises"]
[Black "Sanchez Sandoval, Gonzalo"]
[Result "1-0"]
[WhiteElo "2225"]
[BlackElo "2197"]
[PlyCount "63"]
[EventDate "2015.02.21"]
[EventType "swiss"]
[EventRounds "9"]
[EventCountry "CHI"]
[SourceTitle "CBM 165 Extra"]
[Source "ChessBase"]
[SourceDate "2015.04.21"]
[SourceVersion "1"]
[SourceVersionDate "2015.04.21"]
[SourceQuality "1"]

1. e4 c5 2. Nf3 d6 3. d4 cxd4 4. Nxd4 Nf6 5. Nc3 a6 6. Bc4 e6 7. Bb3 b5 8. a3 Qd7 9. Bg5 Be7 10. Qe2 Nc6 11. 0-0-0 Nxd4 12. Rxd4 Qa7 13. Rhd1 0-0 14. R4d3 a5 15. Nxb5 Qc5 16. Rg3 a4 17. Bc4 Ba6 18. Nxd6 Bxd6 19. Rxd6 Qxd6 20. e5 Qd4 21. Bxf6 Rfb8 22. Rxg7+ Kf8 23. Rxh7 Qxb2+ 24. Kd2 Qd4+ 25. Qd3 Qxf2+ 26. Kc3 Qe1+ 27. Qd2 Qa1+ 28. Kd3 Bxc4+ 29. Ke3 Qg1+ 30. Kf4 Qf1+ 31. Kg3 Qxf6 32. exf6 1-0

[Event "Donihue U2200 op"]
[Site "Donihue"]
[Date "2014.02.01"]
[Round "4"]
[White "Escudero Donoso, Felipe"]
[Black "Sepulveda Rojas, Jorge Moises"]
[Result "1/2-1/2"]
[WhiteElo "2095"]
[BlackElo "2191"]
[PlyCount "114"]
[EventDate "2014.01.31"]
[EventType "swiss"]
[EventRounds "7"]
[EventCountry "CHI"]
[SourceTitle "EXT 2015"]
[Source "ChessBase"]
[SourceDate "2014.11.20"]
[SourceVersion "1"]
[SourceVersionDate "2014.11.20"]
[SourceQuality "1"]

1. e4 c5 2. c3 Nf6 3. e5 Nd5 4. d4 cxd4 5. Nf3 Nc6 6. Bc4 e6 7. 0-0 Nb6 8. Bb3 d6 9. exd6 dxc3 10. Nxc3 Bxd6 11. Qe2 Qe7 12. Bg5 f6 13. Bh4 0-0 14. Rfe1 Re8 15. Nb5 Kh8 16. Nxd6 Qxd6 17. Bc2 e5 18. Rad1 Qf8 19. h3 Be6 20. Bg3 Rac8 21. Nh4 Qf7 22. Bf5 Nd4 23. Rxd4 Bxf5 24. Rd2 Be6 25. b3 Red8 26. Red1 Rxd2 27. Qxd2 Nd5 28. Rc1 Rd8 29. Rd1 Kg8 30. Nf3 b6 31. Qc2 Rc8 32. Qb2 Qe7 33. Rc1 Rd8 34. a3 Nc7 35. b4 Nb5 36. Nd2 Rd3 37. a4 Nd4 38. Kh2 Nb3 39. Nxb3 Rxb3 40. Rc8+ Kf7 41. Qc2 Rxb4 42. Rc7 Bd7 43. Rxa7 Qd6 44. Qxh7 Rxa4 45. Qh5+ Kg8 46. Rxa4 Bxa4 47. Qg4 Bd7 48. Qc4+ Kf8 49. f4 b5 50. fxe5 bxc4 51. exd6 Kf7 52. Kg1 Ke6 53. Kf2 Bc6 54. h4 Kf5 55. Ke3 Ke6 56. Kd4 Bxg2 57. Kxc4 Bc6 1/2-1/2

[Event "Donihue U2200 op"]
[Site "Donihue"]
[Date "2014.01.31"]
[Round "1"]
[White "Sepulveda Rojas, Jorge Moises"]
[Black "Romero Gonzalez, Juan Ignacio"]
[Result "1-0"]
[WhiteElo "2191"]
[BlackElo "1750"]
[PlyCount "43"]
[EventDate "2014.01.31"]
[EventType "swiss"]
[EventRounds "7"]
[EventCountry "CHI"]
[SourceTitle "EXT 2015"]
[Source "ChessBase"]
[SourceDate "2014.11.20"]
[SourceVersion "1"]
[SourceVersionDate "2014.11.20"]
[SourceQuality "1"]

1. e4 e6 2. d4 d5 3. Nd2 dxe4 4. Nxe4 Bd7 5. Nf3 Bc6 6. Bd3 Nf6 7. Nxf6+ Qxf6 8. Ne5 Bd6 9. Nxc6 Nxc6 10. c3 0-0 11. 0-0 Rad8 12. Qb3 b6 13. Qb5 e5 14. Qxc6 exd4 15. Qe4 g6 16. cxd4 Rfe8 17. Qg4 Be7 18. Be3 c5 19. Bb5 h5 20. Qg3 Bd6 21. Qg5 Re6 22. Qxf6 1-0

[Event "Las Condes zt 2.5"]
[Site "Las Condes"]
[Date "2005.11.11"]
[Round "8"]
[White "Sepulveda Rojas, Jorge Moises"]
[Black "Vargas Maliqueo, Ivan Patricio"]
[Result "0-1"]
[WhiteElo "2241"]
[BlackElo "2213"]
[PlyCount "50"]
[EventDate "2005.11.07"]
[EventType "swiss"]
[EventRounds "9"]
[EventCountry "CHI"]
[SourceTitle "EXT 2006"]
[Source "ChessBase"]
[SourceDate "2005.11.24"]
[SourceVersion "1"]
[SourceVersionDate "2005.11.24"]
[SourceQuality "1"]

1. e4 c5 2. Nf3 d6 3. d4 cxd4 4. Nxd4 Nf6 5. Nc3 g6 6. f4 Nfd7 7. Be3 Bg7 8. Bc4 Nb6 9. Bb3 0-0 10. f5 Nc6 11. 0-0 a5 12. Kh1 Ne5 13. Nd5 a4 14. Ne6 Nxd5 15. Nxd8 Nxe3 16. Qe1 Nxf1 17. Bxf7+ Nxf7 18. Ne6 Bxe6 19. fxe6 Ng5 20. Qe2 a3 21. c3 axb2 22. Qxb2 Nxe4 23. Qxb7 Bxc3 24. Rb1 Nfd2 25. Rc1 Nf2+ 0-1

[Event "Las Condes zt 2.5"]
[Site "Las Condes"]
[Date "2005.11.09"]
[Round "4"]
[White "Sepulveda Rojas, Jorge Moises"]
[Black "Giaccio, Alfredo Gustavo"]
[Result "0-1"]
[WhiteElo "2241"]
[BlackElo "2468"]
[PlyCount "88"]
[EventDate "2005.11.07"]
[EventType "swiss"]
[EventRounds "9"]
[EventCountry "CHI"]
[SourceTitle "EXT 2006"]
[Source "ChessBase"]
[SourceDate "2005.11.24"]
[SourceVersion "1"]
[SourceVersionDate "2005.11.24"]
[SourceQuality "1"]

1. e4 e6 2. d4 d5 3. Nd2 Be7 4. Bd3 c5 5. c3 cxd4 6. cxd4 dxe4 7. Nxe4 Nf6 8. Nf3 Nc6 9. 0-0 0-0 10. Nc3 b6 11. a3 Bb7 12. h3 Rc8 13. Bf4 Nd5 14. Nxd5 Qxd5 15. Re1 Rfd8 16. b4 g6 17. Be4 Qd7 18. Qd2 Bf6 19. Rad1 Ba8 20. d5 exd5 21. Bxd5 Qf5 22. g4 Qd7 23. Ng5 Nd4 24. Bxa8 Rxa8 25. Be5 Bxe5 26. Rxe5 Qc7 27. Qe1 h6 28. Qe4 Nf3+ 29. Qxf3 Rxd1+ 30. Qxd1 Qxe5 31. Nxf7 Qe6 32. Nd8 Qe4 33. Qd7 Qe1+ 34. Kg2 Qe4+ 35. Kg1 Qe1+ 36. Kg2 Qe5 37. Qf7+ Kh8 38. Ne6 Rg8 39. f4 Qb2+ 40. Kg1 Rc8 41. Nc5 bxc5 42. Qxg6 Qd4+ 43. Kg2 Qxf4 44. bxc5 Rd8 0-1